| 000 | 00917nam a22002897a 4500 | ||
|---|---|---|---|
| 001 | 9376 | ||
| 003 | FISKH | ||
| 005 | 20251216122101.0 | ||
| 008 | 251216b cb ||||| |||| 00| 0 eng d | ||
| 020 | _a9780516445403 | ||
| 040 |
_aFISKH _beng _cFISKH _dFISKH |
||
| 050 | _aML3930.E44 V46 | ||
| 082 | _a781.65092 | ||
| 100 | _aVenezia , Mike | ||
| 245 |
_aDuke Ellington / _cWritten and Illustrated By Mike Venezia |
||
| 260 |
_aChicago : _bChildren's Press , _c1995. |
||
| 300 |
_a32 pages : _bcolor illustrations ; _c24 cm . |
||
| 490 | _aGetting to Know the World's Greatest Composers | ||
| 505 | _aZ | ||
| 521 | 8 |
_a1040
_bLexile |
|
| 521 | 8 |
_aZ
_bRaz-Plus |
|
| 650 |
_aEllington , Duke , 1899-1974 _vJuvenile Literature |
||
| 650 |
_aJazz Musicians-- United States --Biography _vJuvenile Literature |
||
| 700 |
_aVenezia , Mike _eIllustrator |
||
| 942 |
_2ddc _cBK _n0 |
||
| 999 |
_c9376 _d9376 |
||